| 000 | 01423nam a2200421 i 4500 | ||
|---|---|---|---|
| 001 | 38127 | ||
| 003 | KOSZ 005 | ||
| 005 | 20191002090810.0 | ||
| 008 | 001010s2000 pl f |000 0 pol d | ||
| 020 | _a8371973101 | ||
| 040 |
_cKOSZ 005 _aKOSZ 005 _dKOSZ 005/HR |
||
| 041 | 1 |
_apol _heng |
|
| 080 | _a004.4 | ||
| 080 | _a004.4'277 | ||
| 080 | _a004.312.26 | ||
| 100 | 1 |
_aHacker, Scot _eAutor |
|
| 245 | 0 |
_aMP3 przewodnik encyklopedyczny / _cScot Hacker ; [tł. z ang. Marek Binkowski (rozdz.3,4,5), Jan S. Budka (rozdz.3,4,5), Jan S. Budka (rozdz.6,8,9). |
|
| 246 |
_iTyt. oryg.: _aMP3 : definitive guide |
||
| 260 |
_aGliwice : _bHelion, _ccop.2000. |
||
| 300 |
_a366 s. : _bil. ; _c24 cm. |
||
| 336 |
_2rdacontent _aTekst _btxt |
||
| 337 |
_2rdamedia _aBez urządzenia pośredniczącego _bn |
||
| 338 |
_2rdacarrier _aWolumin _bnc |
||
| 380 | _aKsiążki | ||
| 380 | _aPoradniki i przewodniki | ||
| 388 | _a1901-2000 | ||
| 388 | _a1989-2000 | ||
| 500 | _aOryg.: "MP3 : definitive guide" 2000. | ||
| 504 | _aIndeks. | ||
| 650 | 4 | _aMP3 | |
| 658 | 4 | _aInformatyka i technologie informacyjne | |
| 655 | 4 | _aPodręcznik | |
| 700 | 1 | 0 |
_aBinkowski, Marek _eTłumaczenie |
| 700 | 1 | 0 |
_aBudka, Jan _eTłumaczenie |
| 710 | 2 | _aHelion | |
| 856 |
_uhttp://koha.tu.koszalin.pl/cgi-bin/koha/opac-detail.pl?biblionumber=38127 _yKatalog online BPK |
||
| 942 |
_cKS _2UKD |
||
| 999 |
_c38127 _d38127 |
||